000 00837cam a22002533a 4500
001 21335
003 PGUSA
005 20140828083444.0
008 070505s2007||||xxu|||||s|||||000 1 eng d
040 _aPGUSA
_beng
042 _adc
050 4 _aPR
100 1 _aGaunt, Mary,
_d1861-1942
245 1 4 _aThe Moving Finger
_h[electronic resource] /
_cMary Gaunt
260 _bProject Gutenberg,
_c2007
505 0 _aTrotting Cob -- Christmas Eve at Warwingie -- Lost -- The loss of the "Vanity" -- Dick Stanesby's hutkeeper -- The Yanyilla Steeplechase -- A digger's Christmas.
506 _aPublic domain in the USA.
516 _aElectronic text
653 _aShort stories, Australian
653 _aAustralia -- Fiction
830 0 _aProject Gutenberg
_v21335
856 4 0 _uhttp://www.gutenberg.org/ebooks/21335
942 _cEB
999 _c250590
_d250590